000 00683nam a2200253Ia 4500
003 OSt
005 20220924131835.0
006 a|||||r|||| 00| 0
007 ta
008 220923b |||||||| |||| 00| 0 tel d
020 _cRs.4
024 _a345107
037 _cTextual
040 _aARTS
_cARTS
_btel
041 _2tel
_atel
082 _aO35,3NSH6,1, K4
100 _aSeela Veerraju Au.
_9203042
245 0 _aKaruninchani Devatha
260 _aVijayawada
_bJanata Publications India
_c1964
300 _a219p.
_ccm.
650 _aTELUGU LITERATURE
942 _hO35,3NSH6,1, K4
_cTEXL
_2CC
999 _c428383
_d428383